| 000 | 00348nam a2200133Ia 4500 | ||
|---|---|---|---|
| 008 | 150202s9999 xx 000 0 und d | ||
| 020 | _a425126455 | ||
| 050 |
_aFIC _bFIC |
||
| 100 | _aBrown, Dale. | ||
| 245 |
_aHammer heads / _cDale Brown. |
||
| 260 |
_aNew York : _bBarkley Books, _c1990. |
||
| 300 |
_a542 pages : _c18 cm. |
||
| 650 | _aFiction. | ||
| 999 |
_c281880 _d281880 |
||